SV Werder Bremen Squad 2020-2021 - Statistics

General Stats
  • This quiz has been taken 101 times
    94 since last reset
  • The average score is 19 of 29
Answer Stats
# Position Nation Player % Correct
1 GK Czech Republic Jiří Pavlenka
100%
5 DF Sweden Ludwig Augustinsson
97%
7 FW Kosovo Milot Rashica
97%
19 FW United States Josh Sargent
91%
11 FW Germany Niclas Füllkrug
91%
8 FW Japan Yūya Ōsako
91%
20 MF Austria Romano Schmid
80%
32 DF Austria Marco Friedl
78%
13 DF Serbia Miloš Veljković
78%
21 DF Turkey Ömer Toprak
77%
18 DF Finland Niklas Moisander
74%
23 DF Czech Republic Theodor Gebre Selassie
74%
10 MF Germany Leonardo Bittencourt
73%
- Coach Germany Florian Kohfeldt
72%
28 MF Bulgaria Ilia Gruev
70%
35 MF Germany Maximilian Eggestein
69%
36 DF Germany Christian Groß
62%
30 GK Germany Michael Zetterer
62%
27 GK Greece Stefanos Kapino
61%
9 FW Germany Davie Selke
59%
41 FW Germany Nick Woltemade
54%
17 DF Germany Felix Agu
50%
40 GK Germany Luca Plogmann
50%
6 MF Germany Kevin Möhwald
49%
34 MF Germany Jean-Manuel Mbom
46%
22 FW Netherlands Tahith Chong
38%
38 GK Germany Eduardo dos Santos Haesler
34%
16 FW Germany Oscar Schönfelder
24%
29 MF Germany Patrick Erras
18%
No matching quizzes found
Score Distribution
Percent of People with Each Score
Percentile by Number Answered
Your Score History
You have not taken this quiz since the last reset